BUBT Library Online Catalog

A Text Book of Engineering Materials / (Record no. 5940)

000 -LEADER
fixed length control field 00533nam a22001817a 4500
003 - CONTROL NUMBER IDENTIFIER
control field BUBTL
008 - FIXED-LENGTH DATA ELEMENTS--GENERAL INFORMATION
fixed length control field 190331b xxu||||| |||| 00| 0 eng d
020 ## - INTERNATIONAL STANDARD BOOK NUMBER
International Standard Book Number 978-984-92173-2-9
082 ## - DEWEY DECIMAL CLASSIFICATION NUMBER
Classification number 620.11 / AZT
100 ## - MAIN ENTRY--PERSONAL NAME
9 (RLIN) 2250
Personal name Aziz, M.A,
245 ## - TITLE STATEMENT
Title A Text Book of Engineering Materials /
Statement of responsibility, etc. M.A. Aziz
260 ## - PUBLICATION, DISTRIBUTION, ETC. (IMPRINT)
Place of publication, distribution, etc. Dhaka :
Name of publisher, distributor, etc. University Campus,
Date of publication, distribution, etc. c1973
300 ## - PHYSICAL DESCRIPTION
Extent 390 p. :
Other physical details ill. ;
Dimensions 21.5 cm.
650 #0 - SUBJECT ADDED ENTRY--TOPICAL TERM
9 (RLIN) 2251
Topical term or geographic name as entry element Civil Engineering
856 ## - ELECTRONIC LOCATION AND ACCESS
Password 0
Logon 0
Link text Download
942 ## - ADDED ENTRY ELEMENTS (KOHA)
Source of classification or shelving scheme
Koha item type Books
Holdings
Withdrawn status Lost status Source of classification or shelving scheme Damaged status Not for loan Collection code Permanent location Current location Date acquired Inventory number Total Checkouts Total Renewals Full call number Barcode Date last seen Date last checked out Copy number Price effective from Koha item type
          Non-fiction Bangladesh University of Business and Technology Library Bangladesh University of Business and Technology Library 03/18/2019 25516 2 1 620.11 / AZT BUBTL-200325516 09/09/2023 07/25/2022 C-1 03/31/2019 Books
          Non-fiction Bangladesh University of Business and Technology Library Bangladesh University of Business and Technology Library 03/18/2019 25517 4   620.11 / AZT BUBTL-200325517 08/30/2023 08/19/2023 C-2 03/31/2019 Books
        Not For Loan Non-fiction Bangladesh University of Business and Technology Library Bangladesh University of Business and Technology Library 03/18/2019 25518     620.11 / AZT BUBTL-200325518 03/31/2019   C-1 03/31/2019 Books

More Information About Library

Library Hours

  • Open: 9.00 am. to 9.00 pm.
  • Only Sunday: 9.00 am. to 6.00 pm.
  • Closed: Holiday

Contact to the University

Bangladesh University of Business and Technology Library

  • Mirpurl-2, 1216.
  • Phone:
  • Fax:
  • E-Mail: admin.library@bubt.edu.bd

Contact to the Library

Contact Person:

Md. Abdul Hakim Shah
Joint Librarian
PABX No:  113
Cell No: 01816332931
E-mail: official: admin.library@bubt.edu.bd
Personal: hakim.shah@bubt.edu.bd


BUBT Library

Copyright © 2021